| 000 | 00715nam a22002057a 4500 | ||
|---|---|---|---|
| 999 |
_c11850 _d11850 |
||
| 003 | AR-CdUCM | ||
| 008 | 190405b ||||| |||| 00| 0 spa d | ||
| 040 |
_aMUNICIPALIDAD PROVINCIAL DEL CUSCO _cBIBLIOTECA MUNICIPAL DEL CUSCO |
||
| 082 |
_22ed. _a320.092 / _bD48 / 1974 |
||
| 100 |
_aDelgado, Carlos _91864 |
||
| 245 |
_aLa revolución peruana : _bun nuevo camino / |
||
| 260 |
_aLima : _bSiamos, _c1974. |
||
| 300 |
_a22 cm. _c21 cm. |
||
| 505 | _aNuevo pensamiento y nueva acción -- comunismo, socialismo, marxismo -- La política y los partidos... | ||
| 650 |
_aPerú. _935 |
||
| 650 |
_aMovimiento social. _97954 |
||
| 650 |
_aPensamiento popular. _929417 |
||
| 942 |
_2ddc _cLIBROS |
||
| 945 |
_awfj _d2019-04-05 |
||